Unholy kingdom: (Record no. 1435907)

MARC details
000 -LEADER
fixed length control field 00756 a2200241 4500
005 - DATE AND TIME OF LATEST TRANSACTION
control field 20260410143038.0
008 - FIXED-LENGTH DATA ELEMENTS--GENERAL INFORMATION
fixed length control field 260410b |||||||| |||| 00| 0 eng d
020 ## - INTERNATIONAL STANDARD BOOK NUMBER
International Standard Book Number 9781839760105 (hbk)
037 ## - SOURCE OF ACQUISITION
Terms of availability TB
040 ## - CATALOGING SOURCE
Original cataloging agency AL
Transcribing agency AL
041 ## - LANGUAGE CODE
Source of code eng
Language code of text/sound track or separate title eng
084 ## - COLON CLASSIFICATION NUMBER
Classification number V461.P1 R5
Assigning agency AL
100 ## - MAIN ENTRY--PERSONAL NAME
Personal name Ruthven, Malise
9 (RLIN) 822130
245 ## - TITLE STATEMENT
Title Unholy kingdom:
Remainder of title religion, corruption and violence in Saudi Arabia
260 ## - PUBLICATION, DISTRIBUTION, ETC.
Place of publication, distribution, etc. New York, USA:
Name of publisher, distributor, etc. Verso,
Date of publication, distribution, etc. 2025.
300 ## - PHYSICAL DESCRIPTION
Extent 368p.
365 ## - TRADE PRICE
Price amount 25.00
Currency code GBP
650 ## - SUBJECT ADDED ENTRY--TOPICAL TERM
Topical term or geographic name entry element Saudi Arabia-History
9 (RLIN) 1234676
650 ## - SUBJECT ADDED ENTRY--TOPICAL TERM
Topical term or geographic name entry element Saudi Arabia-Politics and Government
9 (RLIN) 1234677
650 ## - SUBJECT ADDED ENTRY--TOPICAL TERM
Topical term or geographic name entry element History
942 ## - ADDED ENTRY ELEMENTS (KOHA)
Koha item type Textbook
Source of classification or shelving scheme Colon Classification (CC)
Classification part V461.P1 R5
Holdings
Withdrawn status Lost status Source of classification or shelving scheme Damaged status Not for loan Home library Current library Date acquired Source of acquisition Cost, normal purchase price Inventory number Total Checkouts Full call number Barcode Date last seen Cost, replacement price Price effective from Koha item type
    Colon Classification (CC)     Arts Library Arts Library 2026-04-10 Govinda Books House 2460.60 7042 & 05/02/2026   V461.P1 R5 AL1805293 2026-02-11 3075.75 2026-02-11 Textbook
Copyright @ Delhi University Library System